000 00377nam a2200133Ia 4500
008 220217s9999||||xx |||||||||||||| ||und||
020 _a981-214-044-1
082 _a005.133 MUK
100 _aMukhi, Sonal and Kotecha, Neha
_96899
245 0 _aASP.net with C#
260 _aTech publications Pte Ltd.
_bNew Delhi
_c2001
300 _b180
650 _aPROGRAMMING LANGUAGE
999 _c180069
_d180069